Life changers dreamers & doers / (Record no. 57461)
[ view plain ]
| 000 -LEADER | |
|---|---|
| fixed length control field | 00984nam a22002657a 4500 |
| 005 - DATE AND TIME OF LATEST TRANSACTION | |
| control field | 20111010123219.0 |
| 008 - FIXED-LENGTH DATA ELEMENTS--GENERAL INFORMATION | |
| fixed length control field | 111010t xxu||||| |||| 00| 0 eng d |
| 010 ## - LCCN (DPL NO) | |
| LC control number | ENG-103926 |
| 020 ## - INTERNATIONAL STANDARD BOOK NUMBER | |
| International Standard Book Number | 9788122204889 |
| Terms of availability | 130.00 |
| 020 ## - INTERNATIONAL STANDARD BOOK NUMBER | |
| International Standard Book Number | 8122204880 |
| Terms of availability | 130.00 |
| 035 ## - SYSTEM CONTROL NUMBER | |
| System control number | EN-87459 |
| 037 ## - SOURCE OF ACQUISITION | |
| Source of stock number/acquisition | DBAD / PUB |
| 040 ## - CATALOGING SOURCE | |
| Original cataloging agency | dpl |
| Language of cataloging | English |
| 082 ## - DEWEY DECIMAL CLASSIFICATION NUMBER | |
| Classification number | 155.418 |
| 100 ## - MAIN ENTRY--PERSONAL NAME | |
| 9 (RLIN) | 35374 |
| 245 ## - TITLE STATEMENT | |
| Title | Life changers dreamers & doers / |
| Statement of responsibility, etc | edited by Robert H. Schuller |
| 260 ## - PUBLICATION, DISTRIBUTION, ETC. (IMPRINT) | |
| Place of publication, distribution, etc | New Delhi |
| Name of publisher, distributor, etc | Orient Paperbacks |
| Date of publication, distribution, etc | 2011 |
| 270 ## - ADDRESS | |
| Address | 5A/8, Ansari Road |
| City | New Delhi |
| Postal code | 110002 |
| 300 ## - PHYSICAL DESCRIPTION | |
| Extent | 191p. |
| Dimensions | 20cm (pbk) |
| 650 ## - SUBJECT ADDED ENTRY--TOPICAL TERM | |
| 9 (RLIN) | 35375 |
| 700 ## - ADDED ENTRY--PERSONAL NAME | |
| 9 (RLIN) | 35376 |
| Personal name | Schuller, Robert A. |
| 942 ## - ADDED ENTRY ELEMENTS (KOHA) | |
| Source of classification or shelving scheme | Dewey Decimal Classification |
| Item type | English Books |
| Call number suffix | LIF |
| Classification part | 155.418 |
| Withdrawn status | Lost status | Source of classification or shelving scheme | Damaged status | Not for loan | Collection code | Home library | Current library | Date acquired | Source of acquisition | Cost, normal purchase price | Total Checkouts | Full call number | Barcode | Date last seen | Copy number | Cost, replacement price | Koha item type |
|---|---|---|---|---|---|---|---|---|---|---|---|---|---|---|---|---|---|
| Dewey Decimal Classification | Not For Loan | Non-fiction | D.B.Act.Division | D.B.Act.Division | 10/10/2011 | DBAD/PUB | 130.00 | 155.418 LIF | EN-87459 | 10/10/2011 | 1 | 130.00 | English Books |
